Produccion de vivienda y sector inmobiliario algunos elementos teoricos para su analisis : (Registro nro. 20232)

Detalles MARC
000 -CABECERA
campo de control de longitud fija 00617nab a2200181 a 4500
001 - NÚMERO DE CONTROL
campo de control 20232
003 - IDENTIFICADOR DEL NÚMERO DE CONTROL
campo de control 55314
005 - FECHA Y HORA DE LA ÚLTIMA TRANSACCIÓN
campo de control 20201118095931.0
008 - DATOS DE LONGITUD FIJA--INFORMACIÓN GENERAL
campo de control de longitud fija ||||||n9999 ||| || ||
041 ## - CÓDIGO DE LENGUA
Código de lengua del texto/banda sonora o título independiente spa
245 #0 - MENCIÓN DE TÍTULO
Título Produccion de vivienda y sector inmobiliario algunos elementos teoricos para su analisis :
Resto del título pp.45-56
260 ## - PUBLICACIÓN, DISTRIBUCIÓN, ETC.
Lugar de publicación, distribución, etc. México :
Nombre del editor, distribuidor, etc. Universidad Nacional Autónoma de México,
Fecha de publicación, distribución, etc. 1983.
300 ## - DESCRIPCIÓN FÍSICA
Extensión pp. 45-55
562 ## - NOTA DE IDENTIFICACIÓN DE LA COPIA Y VERSIÓN
Número de copias 0
650 ## - PUNTO DE ACCESO ADICIONAL DE MATERIA--TÉRMINO DE MATERIA
Término de materia o nombre geográfico como elemento de entrada CONSTRUCCION DE VIVIENDAS--FINANCIAMIENTO--PEREIRA (COLOMBIA)
773 ## - ENLACE AL DOCUMENTO FUENTE/ENTRADA DE REGISTRO ANFITRIÓN
Número bibliográfico anfitrión 20228
Encabezamiento principal Revista Mexicana de Ciencias Políticas y Sociales - No.111-112
942 ## - ELEMENTOS DE PUNTO DE ACCESO ADICIONAL (KOHA)
Tipo de ítem Koha Artículo de Revista

No hay ítems disponibles.